Guess the 1960s song lyrics #276 - Statistics

General Stats
  • This quiz has been taken 17 times
  • The average score is 156 of 184
Answer Stats
Answer % Correct
be
93%
but
93%
But
93%
do
93%
I'm
93%
just
93%
no
93%
not
93%
of
93%
on
93%
that
93%
The
93%
the
93%
who
93%
you
93%
your
93%
girl
87%
gonna
87%
high
87%
is
87%
kind
87%
like
87%
me
87%
number
87%
Number
87%
one
87%
tide
87%
to
87%
up
87%
Every
80%
gives
80%
man
80%
things
80%
way
80%
It's
73%
it's
73%
my
73%
his
67%
holding
67%
turn
67%
wants
67%
I'll
60%
wait
60%
til
53%
dear
47%
bad
27%
really
27%
hurts
13%
Paragons
7%
No matching quizzes found
Score Distribution
Percent of People with Each Score
Percentile by Number Answered
Your Score History
You have not taken this quiz